Les Meilleurs buteurs de la Serie A 2021-2022 - Statistiques

Statistiques générales
  • Ce quiz a été pris 38 fois
  • Le résultat moyen est 8 sur 14
Statistiques - réponses
Buts Nationalité Club Joueur % Correct
27 Italie SS Lazio Ciro Immobile
100%
21 Argentine Inter Milan Lautaro Martínez
100%
24 Serbie Juventus FC Dušan Vlahović
95%
13 Bosnie-Herzégovine Inter Milan Edin Džeko
86%
14 Nigeria SSC Naples Victor Osimhen
84%
17 Angleterre AS Rome Tammy Abraham
81%
14 Autriche Bologne FC Marko Arnautović
68%
15 Italie US Sassuolo Domenico Berardi
57%
13 Croatie Atalanta Bergame Mario Pašalić
41%
17 Argentine Hellas Vérone Giovanni Simeone
32%
13 Espagne Udinese Calcio Gerard Deulofeu
30%
13 Brésil Cagliari Calcio João Pedro
19%
16 Italie US Sassuolo Gianluca Scamacca
11%
13 Italie Empoli FC Andrea Pinamonti
0%
Aucun quiz correspondant
Distribution des résultats
% des personnes avec chaque résultat
Percentile par nombre de réponses
Votre historique - résultats
Vous n’avez pas pris ce quiz